Confederación Española de Familias de Personas Sordas

Biblioteca

Vista normal Vista MARC
  • Araoz Sánchez-Dopico, Inés de

Entrada Nombre de persona

Número de registros utilizados en: 2

001 - NÚMERO DE CONTROL

  • campo de control: 158

003 - IDENTIFICADOR DEL NÚMERO DE CONTROL

  • campo de control: ES-MaFIAP

005 - FECHA Y HORA DE LA ÚLTIMA TRANSACCIÓN

  • campo de control: 20220915132516.0

008 - DATOS DE LONGITUD FIJA

  • campo de control de longitud fija: 220915|| aca||aabn | a|a d

040 ## - FUENTE DE LA CATALOGACIÓN

  • Centro catalogador/agencia de origen: ES-MaFIAP
  • Centro/agencia transcriptor: ES-MaFIAP

100 ## - ENCABEZAMIENTO-NOMBRE DE PERSONA

  • Nombre de persona: Araoz Sánchez-Dopico, Inés de

670 ## - FUENTE DE DATOS ENCONTRADOS

  • Cita de la fuente: Work cat.: (ES-MaFIAP)51: Alonso Parreño, María José XX4816126 155, El impacto de la Convención internacional sobre los derechos de las personas con discapacidad en la legislación educativa española [Texto impreso] /, 2011

Esta web es posible gracias a:

Ministerio de Asuntos Sociales y Agenda 2030 Ministerio de Asuntos Sociales y Agenda 2030 Fundación ONCE

© FIAPAS 2015 | Servicio Telesor Aviso Legal y Política de Privacidad | Política de cookies | Acerca de FIAPAS
Confederación Española de Familias de Personas Sordas - C/ Pantoja, 5 (Local) – 28002 Madrid – / Tel: 91 576 51 49 – Fax: 91 576 57 46

Con tecnología Koha